Nazionali con più gol per ogni edizione dei Mondiali - Statistics

Statistiche generali
  • Questo quiz è stato fatto 45 volte
  • Il punteggio medio è 19 su 23
Statistiche sulle risposte
Edizione Gol segnati Nazionale % Corretto
1934 12 Italia
100%
1950 22 Brasile
97%
1962 14 Brasile
97%
1970 19 Brasile
97%
2002 18 Brasile
97%
1958 23 Francia
97%
1982 16 Francia
97%
1998 15 Francia
97%
2022 16 Francia
97%
2006 14 Germania
97%
2010 16 Germania
97%
2014 18 Germania
97%
1990 15 Germania Ovest
97%
1930 18 Argentina
92%
1978 15 Argentina
92%
1986 14 Argentina
92%
1966 17 Portogallo
67%
1978 15 Paesi Bassi
64%
2018 16 Belgio
58%
1938 15 Ungheria
47%
1954 27 Ungheria
47%
1994 15 Svezia
19%
1974 16 Polonia
11%
Nessun quiz corrispondente trovato
Distribuzione punteggi
Percentuale di utenti per punteggio
Percentile per numero di risposta
I tuoi punteggi nel tempo
Non hai fatto questo quiz